000 01359cam a2200349 a 4500
001 485
005 20230428124920.0
008 031222s2004 nyu c 000 1 eng
020 _a0439435404 (hardcover : alk. paper)
040 _aDLC
_cDLC
_dDLC
_dFISKH
_beng
050 0 0 _aPZ7.H4364
_bCat 2004
082 0 0 _a813.54
_222
100 1 _aHesse, Karen.
245 1 4 _aThe cats in Krasinski Square /
_cby Karen Hesse ; illustrated by Wendy Watson.
250 _a1st ed.
260 _aNew York :
_bScholastic Press,
_c2004.
300 _a16 leaves of plates :
_bcolor illustrations ;
_c26 x 31 cm.
505 _aQ
520 _aTwo Jewish sisters, escapees of the infamous Warsaw ghetto, devise a plan to thwart an attempt by the Gestapo to intercept food bound for starving people behind the dark Wall.
521 _a930
_bLexile
521 _aQ
_bRaz-Plus
650 0 _aJews
_xPersecutions
_zPoland
_zWarsaw
_vJuvenile fiction.
650 0 _aHolocaust, Jewish (1939-1945)
_zPoland
_zWarsaw
_vJuvenile fiction.
650 1 _aJews
_xPersecutions
_zPoland
_zWarsaw
_vFiction.
650 1 _aHolocaust, Jewish (1939-1945)
_zPoland
_zWarsaw
_vFiction.
650 1 _aSisters
_vFiction.
650 1 _aHeroes
_vFiction.
650 1 _aCats
_vFiction.
700 1 _aWatson, Wendy,
_eill.
906 _a7
_bcbc
_corignew
_d1
_eecip
_f20
_gy-gencatlg
942 _2ddc
_cBK
_n0
999 _c485
_d485